[Event "Mecklenburg VP-ch U16"]
[Site "Greifswald"]
[Date "2003.02.15"]
[Round "7"]
[White "Zimmer, Ralf"]
[Black "Lueder, Robert"]
[Result "1/2-1/2"]
[WhiteElo "1258"]
[BlackElo "1200"]
[PlyCount "51"]
[EventDate "2003.02.??"]
[EventType "swiss"]
[EventRounds "7"]
[EventCountry "GER"]
[SourceTitle "EXT 2005"]
[Source "ChessBase"]
[SourceDate "2004.11.15"]
[SourceVersion "1"]
[SourceVersionDate "2004.11.15"]
[SourceQuality "1"]

1. d4 d5 2. c4 c6 3. Nc3 Nf6 4. e3 Bf5 5. Bd3 Bxd3 6. Qxd3 Nbd7 7. Nf3 e6 8. 0-0 Be7 9. Re1 0-0 10. a3 a5 11. c5 Qc7 12. Bd2 b6 13. b4 axb4 14. axb4 b5 15. Reb1 e5 16. dxe5 Nxe5 17. Nxe5 Qxe5 18. Re1 Nd7 19. e4 d4 20. Ne2 Nf6 21. Bf4 Qxe4 22. Qxe4 Nxe4 23. Nxd4 Rxa1 24. Rxa1 Bf6 25. Rd1 Rd8 26. Be3 1/2-1/2

[Event "Mecklenburg VP-ch U16"]
[Site "Greifswald"]
[Date "2003.02.14"]
[Round "5"]
[White "Dachner, Mathias"]
[Black "Zimmer, Ralf"]
[Result "1-0"]
[WhiteElo "1265"]
[BlackElo "1258"]
[PlyCount "69"]
[EventDate "2003.02.??"]
[EventType "swiss"]
[EventRounds "7"]
[EventCountry "GER"]
[SourceTitle "EXT 2005"]
[Source "ChessBase"]
[SourceDate "2004.11.15"]
[SourceVersion "1"]
[SourceVersionDate "2004.11.15"]
[SourceQuality "1"]

1. e4 e6 2. d4 c5 3. Nf3 cxd4 4. Nxd4 b6 5. Nc3 Bb7 6. Nf3 Bb4 7. Qd4 Bxc3+ 8. Qxc3 Qf6 9. e5 Qd8 10. Bg5 Ne7 11. Bb5 h6 12. Bh4 0-0 13. 0-0 Nd5 14. Qb3 Qc8 15. c3 Nc7 16. Bd3 Bxf3 17. gxf3 Nc6 18. Bg3 Qd8 19. f4 Rc8 20. Qc2 d6 21. exd6 Qxd6 22. Bh7+ Kh8 23. Rad1 Qe7 24. Be4 Na5 25. Bg2 Rcd8 26. f5 Rxd1 27. Rxd1 exf5 28. Bd6 Qd8 29. Bxf8 Qxf8 30. Qxf5 Ne6 31. Rd7 Kg8 32. Rxa7 Ng5 33. Ra8 Qxa8 34. Bxa8 Nc4 35. Qc8+ 1-0

[Event "Mecklenburg VP-ch U16"]
[Site "Greifswald"]
[Date "2003.02.14"]
[Round "4"]
[White "Zimmer, Ralf"]
[Black "Kubernath, Max"]
[Result "0-1"]
[WhiteElo "1258"]
[BlackElo "1241"]
[PlyCount "42"]
[EventDate "2003.02.??"]
[EventType "swiss"]
[EventRounds "7"]
[EventCountry "GER"]
[SourceTitle "EXT 2005"]
[Source "ChessBase"]
[SourceDate "2004.11.15"]
[SourceVersion "1"]
[SourceVersionDate "2004.11.15"]
[SourceQuality "1"]

1. d4 d5 2. c4 e5 3. Nc3 Bb4 4. Qd3 Bxc3+ 5. Qxc3 dxc4 6. dxe5 Be6 7. Nf3 Nc6 8. Bf4 Qe7 9. a3 f6 10. exf6 Nxf6 11. e3 Nd5 12. Qxc4 Nxe3 13. Qe2 Nxf1 14. Qxf1 Bc4+ 15. Kd2 Qd7+ 16. Kc3 Bxf1 17. Rhxf1 0-0-0 18. Kb3 Qf7+ 19. Kc2 Qxf4 20. Rac1 Nd4+ 21. Nxd4 Qxd4 0-1

[Event "Mecklenburg VP-ch U16"]
[Site "Greifswald"]
[Date "2003.02.13"]
[Round "1"]
[White "Zimmer, Ralf"]
[Black "Rittemann, Steffen"]
[Result "0-1"]
[WhiteElo "1258"]
[BlackElo "1530"]
[PlyCount "68"]
[EventDate "2003.02.??"]
[EventType "swiss"]
[EventRounds "7"]
[EventCountry "GER"]
[SourceTitle "EXT 2005"]
[Source "ChessBase"]
[SourceDate "2004.11.15"]
[SourceVersion "1"]
[SourceVersionDate "2004.11.15"]
[SourceQuality "1"]

1. d4 Nf6 2. c4 g6 3. Nf3 Bg7 4. Nc3 0-0 5. Bg5 d6 6. e3 Nbd7 7. Bd3 e5 8. dxe5 Nxe5 9. Nxe5 dxe5 10. Bc2 h6 11. Bh4 Be6 12. b3 Qe7 13. 0-0 Rfd8 14. Qf3 c6 15. Ne4 g5 16. Nxf6+ Bxf6 17. Bg3 Rd2 18. Qe4 Bg7 19. Rfd1 f5 20. Qf3 g4 21. Qxg4 fxg4 22. Rxd2 Rd8 23. Rxd8+ Qxd8 24. Rd1 Qa5 25. Bb1 Bf6 26. f3 gxf3 27. gxf3 Qc3 28. Bf2 Bg5 29. Re1 Bh3 30. f4 exf4 31. exf4 Bxf4 32. Re8+ Kf7 33. Rd8 Qg7+ 34. Kh1 Qg2# 0-1